WILD - Troye Sivan (All Lyrics) - Statistics

General Stats
  • This quiz has been taken 88 times
  • The average score is 262 of 317
Answer Stats
Wild % Correct
a
98%
And
98%
and
98%
wild
98%
You
98%
you
98%
me
96%
the
96%
to
96%
your
96%
down
94%
I
94%
it
91%
It
91%
On
91%
on
91%
way
91%
it's
89%
It's
89%
be
87%
driving
87%
fall
87%
not
87%
Verse 1 Trying
87%
trying
87%
You're
87%
all
85%
so
85%
this
85%
too
85%
Too
85%
home
83%
I've
83%
Chorus Leave
83%
Never
83%
never
83%
blue
81%
Pre-Chorus Cause
81%
drives
81%
in
81%
long
81%
weekend
81%
my
79%
that
79%
walls
79%
wear
79%
when
79%
bad
77%
been
77%
could
77%
good
77%
hard
77%
hurt
77%
knew
77%
look
77%
up
77%
fences
74%
fool
74%
hands
74%
neighbourhood
74%
now
74%
out
74%
ever
72%
like
72%
loving
72%
since
72%
were
72%
guess
70%
working
70%
Kissing
68%
make
68%
still
68%
till
68%
wanted
68%
But
66%
break
64%
heart
62%
there's
62%
Bend
57%
drown
57%
shake
57%
can't
55%
think
51%
about
47%
away
47%
mind
45%
turn
45%
light's
34%
night
34%
music
30%
noise
30%
Running
30%
Verse 2 White
30%
Won't
23%
calm
21%
highs
17%
No matching quizzes found
Score Distribution
Percent of People with Each Score
Percentile by Number Answered
Your Score History
You have not taken this quiz